Online
Catalog

American psycho / (Record no. 41757)

MARC details
000 -CABECERA
campo de control de longitud fija 00713nam a2200217 a 4500
001 - NÚMERO DE CONTROL
campo de control 000042268
005 - FECHA Y HORA DE LA ÚLTIMA TRANSACCIÓN
campo de control 20201002040037.0
008 - DATOS DE LONGITUD FIJA--INFORMACIÓN GENERAL
campo de control de longitud fija 131121s1991 sp 000 0 spa d
020 ## - NÚMERO INTERNACIONAL ESTÁNDAR DEL LIBRO
Número Internacional Estándar del Libro 8440622953
040 ## - FUENTE DE LA CATALOGACIÓN
Centro catalogador/agencia de origen DO-SdBNP
Lengua de catalogación spa
Centro/agencia transcriptor BNPHU
082 ## - NÚMERO DE LA CLASIFICACIÓN DECIMAL DEWEY
Número de clasificación xxx
Número de documento/Ítem xxx
100 1# - ENTRADA PRINCIPAL--NOMBRE DE PERSONA
Nombre de persona Ellis, Bret Easton
9 (RLIN) 69305
240 10 - TÍTULO UNIFORME
Título uniforme American Psycho
Lenguaje de la obra eng
245 10 - MENCIÓN DE TÍTULO
Título American psycho /
Mención de responsabilidad, etc. Bret Easton Ellis ; traducción de Mariano Antolín Rato.
260 ## - PUBLICACIÓN, DISTRIBUCIÓN, ETC.
Lugar de publicación, distribución, etc. Barcelona :
Nombre del editor, distribuidor, etc. Ediciones B,
Fecha de publicación, distribución, etc. 1991.
300 ## - DESCRIPCIÓN FÍSICA
Extensión 469 p. ;
Dimensiones 22 cm.
490 1# - MENCIÓN DE SERIE
Mención de serie Tiempos modernos
500 ## - NOTA GENERAL
Nota general Incluye datos biográficos del autor en la solapa de la contracubierta
700 12 - PUNTO DE ACCESO ADICIONAL--NOMBRE DE PERSONA
Nombre de persona Antolín Rato, Mariano
Término indicativo de función/relación tr.
9 (RLIN) 46981
830 #0 - PUNTO DE ACCESO ADICIONAL DE SERIE-TÍTULO UNIFORME
Título uniforme Tiempos modernos
9 (RLIN) 27645
Holdings
Estado de retiro Estado de pérdida Restricciones de uso No para préstamo Código de colección Localización permanente Ubicación/localización actual Ubicación en estantería Fecha de adquisición Número de inventario Total de préstamos Signatura topográfica completa Código de barras Fecha visto por última vez Precio válido a partir de Tipo de ítem Koha
      Préstamo especial Monografías: Libros y Folletos General General Cancelado 21.11.2013 LF1   xxx xxx 42268-10 25.06.2020 25.06.2020 No se presta

Powered by Koha